[Event "Oberpfalz-ch M3"]
[Site "Roding"]
[Date "2010.03.29"]
[Round "6"]
[White "Thoma, Manfred"]
[Black "Averibou, Pascal"]
[Result "0-1"]
[WhiteElo "949"]
[BlackElo "1233"]
[PlyCount "77"]
[EventDate "2010.03.27"]
[EventType "swiss"]
[EventRounds "8"]
[EventCountry "GER"]
[SourceTitle "EXT 2012"]
[Source "ChessBase"]
[SourceDate "2011.11.24"]
[SourceVersion "1"]
[SourceVersionDate "2011.11.24"]
[SourceQuality "1"]

1. e4 d5 2. exd5 Qxd5 3. Nc3 Qa5 4. Nf3 Bf5 5. Be2 Nf6 6. 0-0 e6 7. a3 c6 8. d3 Bd6 9. Bg5 Nbd7 10. Qd2 Qc7 11. h3 h6 12. Be3 g5 13. g4 Bg6 14. Kg2 Bf4 15. Rh1 Bxe3 16. Qxe3 Qf4 17. Qxf4 gxf4 18. b4 Rg8 19. Rac1 Nd5 20. Na2 f5 21. g5 Bh5 22. h4 hxg5 23. hxg5 Bxf3+ 24. Bxf3 Rxg5+ 25. Kf1 0-0-0 26. Rh4 e5 27. Ke2 Nf8 28. Rh6 Rg6 29. Rh5 Ne6 30. c3 Ng7 31. Rh7 Rg8 32. Rch1 Nf6 33. R7h4 Ne6 34. Nc1 Ng5 35. Rg1 e4 36. Bh5 Nxh5 37. Rxh5 exd3+ 38. Kxd3 Nf3 39. Rxf5 0-1